| 000 | 00557nam a2200169Ia 4500 | ||
|---|---|---|---|
| 008 | 090201s9999 xx 000 0 und d | ||
| 010 | _aKPL-47528 | ||
| 040 | _bमराठी | ||
| 041 | _aमराठी | ||
| 082 |
_a32148 _b47528 |
||
| 100 | _aज्ञानेश्वर नाडकर्णि | ||
| 245 |
_aनजरबंद _cज्ञानेश्वर नाडकर्णि |
||
| 260 |
_c2004 _bमॅजेस्टिक प्रकाशन |
||
| 300 |
_a123 _bमोठा |
||
| 600 | _aनजरबंद | ||
| 942 | _cBOOK | ||
| 999 |
_c230520 _d230520 |
||